000 00368nam a2200145Ia 4500
008 210210b1962 xxu||||| |||| 00| 0 eng d
082 _a637.1 WORM
100 _aWORLD HEALTH ORGANIZATION.
245 _aMilk hygiene.
260 _aGenewa
_bWorld Health organization
_c1962
300 _a782
650 _aMilk hygiene
690 _aAnimal Husbandry
906 _a046084
999 _c95490
_d95490